El nuevo derecho administrativo global en América Latina: desafíos para las inversiones extranjeras, la regulación nacional y el financiamiento para el desarrollo
Shranjeno v:
| Corporate Authors: | , |
|---|---|
| Format: | Knjiga |
| Jezik: | španščina |
| Izdano: |
Buenos Aires
RPA
2009
|
| Izdaja: | 1a. ed |
| Serija: | Cuadernos RPA
|
| Teme: | |
| Oznake: |
Označite
Brez oznak, prvi označite!
|
MARC
| LEADER | 00000nam a2200000 a 4500 | ||
|---|---|---|---|
| 001 | UCG4304 | ||
| 003 | CL-VaPUC | ||
| 008 | 101021e20090000AG |||||||||||||||||spa|d | ||
| 020 | |a 9789871313655 | ||
| 082 | 0 | 4 | |a 342.8 |b INS |2 21 |
| 110 | 2 | |a Institute for International Law and Justice |e author |9 553670 | |
| 710 | 2 | |a Universidad de San Andrés |e author |9 553671 | |
| 245 | 1 | 3 | |a El nuevo derecho administrativo global en América Latina: desafíos para las inversiones extranjeras, la regulación nacional y el financiamiento para el desarrollo |
| 250 | |a 1a. ed | ||
| 300 | |a 533 p | ||
| 942 | |c BK | ||
| 945 | |d 20101021 00:00:00 |a mfarfan | ||
| 260 | |a Buenos Aires |b RPA |c 2009 | ||
| 650 | 0 | |a Derecho administrativo |9 254851 | |
| 651 | 0 | |a América Latina |9 255027 | |
| 583 | |a last modification |c 20101021 00:00:00 |k Rodrigo Vera | ||
| 490 | 0 | |a Cuadernos RPA | |
| 999 | |c 343116 |d 343114 | ||
| 952 | |0 0 |1 0 |4 0 |6 342_800000000000000_INS_2009 |7 0 |8 A |9 440133 |a BIBDER |b BIBDER |d 2019-11-22 |i 4729137 |o 342.8 INS 2009 |p 4729137 |r 2023-01-25 |w 2019-11-22 |y BK |k DER | ||